Prosa musical : historia y crítica musical /
Guardado en:
| Autor principal: | |
|---|---|
| Otros autores: | , |
| Formato: | Libro |
| Idioma: | Español |
| Publicado: |
Valencia, España :
Pre-Textos : Fundación Gerardo Diego,
2014, c2014
|
| Temas: | |
| Etiquetas: |
Sin etiquetas, Sé el primero en etiquetar este registro!
|
MARC
| LEADER | 00000nam^a2200000^a^4500 | ||
|---|---|---|---|
| 001 | 000378400 | ||
| 005 | 20250521000000.0 | ||
| 008 | 160125 20142014 | ||
| 009 | 20260310120448.658 | ||
| 020 | |a 978-84-15894-77-3 | ||
| 020 | |a 978-84-15894-79-7 | ||
| 037 | |a Acervo ITESO - Biblioteca | ||
| 041 | |a ESP | ||
| 082 | |a 780. 9 |b DIE V. 1 | ||
| 100 | |a Diego, Gerardo |e (autor) | ||
| 240 | 1 | 1 | |a [Prosa musical] |
| 245 | 1 | 0 | |a Prosa musical : |b historia y crítica musical / |c G. Diego ; ed. y pról. de R. Sánchez Ochoa ; investigación de E. Diego Marín. |
| 264 | 4 | |a Valencia, España : |b Pre-Textos : |b Fundación Gerardo Diego, |c 2014, c2014 | |
| 300 | |a 790 p. | ||
| 336 | |a texto |b txt |2 rdacontenido | ||
| 337 | |a sin mediación |b n |2 rdamedio | ||
| 338 | |a volumen |b nc |2 rdasoporte | ||
| 545 | 0 | |a El poeta español Gerardo Diego (Santander, 1896 - Madrid, 1989) miembro de la generación del 27, principal partidario de la vanguardia poética española de su época asociada al ultraísmo y al creacionismo. Fundó las revistas Carmen y Lola. Premio Nacional de Literatura en 1925 y Premio Miguel de Cervantes en 1981. Entre sus obras tenemos: Poesía española (1932), considerada como el manifiesto poético del Grupo, El romancero de la novia (1918), Imagen (1922), Soria (1923), Manual de espumas (1924), Versos humanos (1925), Romances (1941), Alondra de verdad (1941), Poemas adrede (1932), La suerte o la muerte (1963), La fundación del querer (1970) y Versos divinos (1971). | |
| 649 | |a XX | ||
| 650 | |a Ensayos Españoles | ||
| 650 | |a Literatura Española - |y Generación del 27 | ||
| 650 | |a Literatura Española - |y Siglo XX | ||
| 650 | |a Música - |x Historia y Crítica - |x Tema Principal | ||
| 700 | |a Sánchez Ochoa, Ramón |e (edición y prólogo) | ||
| 700 | |a Diego Marín, Elena |e (investigación) | ||
| 910 | |a Fondo General | ||
| 920 | |a Impresos - Libros | ||
| 930 | |a Colección General | ||
| 905 | |a 101 | ||
| 901 | |a 0500272306 |b IT1 |c ACC |i C148633 |u 20250521 | ||
| 902 | |a https://opac.biblio.iteso.mx/vufind/Record/000378400 | ||